Music Quiz

Random Music or Song Quiz

Opening Lyrics II Quiz Stats

 Plays Quiz Updated Aug 4, 2017

Support Sporcle.
Go Orange.
Score 0/19 Timer 07:00
14 Plays Today
Lyric Song Title % Correct
First I was afraid, I was petrifiedI Will Survive
85.1%
Is this the real life? Is this just fantasy. Caught in a landslide, No escape from realityBohemian Rhapsody
77.4%
Tommy used to work on the docksLivin' on a Prayer
69.8%
On a dark desert highway, cool wind in my hairHotel California
67.2%
What you want, baby I got, what you need, do you know I got it? Respect
63.5%
She's a good girl, loves her mama, loves Jesus and America, tooFree Fallin'
60.4%
She's a very kinky girlSuperfreak
57.8%
I come home in the morning light, my mother says when you gonna live your life rightGirls Just Want To Have Fun
56.2%
Well you're the real tough cookie with the long historyHit Me With Your Best Shot
54.1%
You shake my nerves and you rattle my brainGreat Balls of Fire
53.3%
Lyric Song Title % Correct
Just take those old records off the shelfOld Time Rock 'n' Roll
52.3%
Some boys kiss me, some boys hug me, I think they're okMaterial Girl
45.1%
I took my love, I took it down, climbed a mountain and I turned aroundLandslide
41.2%
Tumble out of bed and stumble to the kitchen, pour myself a cup of ambition9 to 5
29.3%
You know the day destroys the night, night divides the dayBreak on Through
27.9%
All the old paintings on the tombs they do the sand dance don't you know Walk Like An Egyptian
25.7%
Sometimes it's hard to be a woman, giving all your love to just one manStand by Your Man
23.7%
I am an AntichristAnarchy in the UK
23.1%
I was dreaming when I wrote this1999
21.5%

From the Vault

Famous From the 19th Century

by needapausebutton

History 10m
A quiz about the 19th century? We hear they didn't even have the Internet back then.
Remove Ads.
Support Sporcle.
Get the best of Sporcle when you Go Orange. This ad-free experience offers more features, more stats, and more fun while also helping to support Sporcle. Thank you for becoming a member.

Show Comments

Extras

Top Quizzes Today


Score Distribution

Your Account Isn't Verified!

In order to create a playlist on Sporcle, you need to verify the email address you used during registration. Go to your Sporcle Settings to finish the process.

Report this User

Report this user for behavior that violates our Community Guidelines.

Details: